书目信息 |
| 题名: |
微型计算机在高等数学教学中的应用
|
|
| 作者: | 王安 , 刘淑荣 , 余康元 编 | |
| 分册: | ||
| 出版信息: | 北京 北京师范大学出版社 1986 |
|
| 页数: | 386页 | |
| 开本: | 19cm | |
| 丛书名: | ||
| 单 册: | ||
| 中图分类: | G642.41 | |
| 科图分类: | ||
| 主题词: | 高等数学-计算机辅助教学 , 教育--各级 , 计算机辅助教学-高等数学 | |
| 电子资源: | ||
| ISBN: | ||
| 000 | 00854nam0 2200277 45 | |
| 001 | 0186002209 | |
| 005 | 20060420154243.28 | |
| 010 | @dCNY1.85 | |
| 091 | @a13243.101 | |
| 100 | @a19930909d1986 em y0chiy0121 ea | |
| 101 | 0 | @achi |
| 102 | @aCN@b110000 | |
| 105 | @ay z 000yy | |
| 200 | 10 | @a微型计算机在高等数学教学中的应用@Awei xing ji suan ji zai gao deng shu xue jiao xue zhong de ying yong@f余康元等编@Fyu kang yuan deng bian |
| 210 | @a北京@c北京师范大学出版社@d1986 | |
| 215 | @a386页@d19cm | |
| 606 | @a高等数学-计算机辅助教学 | |
| 606 | 0 | @a教育@x各级 |
| 606 | @a计算机辅助教学-高等数学 | |
| 690 | @aG642.41 | |
| 701 | 0 | @a王安@Awang an@4编 |
| 701 | 0 | @a刘淑荣@Aliu shu rong@4编 |
| 701 | 0 | @a余康元@Ayu kang yuan@4编 |
| 801 | 2 | @aCN@bNLC@c20060420 |
| 801 | 0 | @aCN@b深圳图书馆@c20040510 |
| 905 | @f3@b206531-533@dG642.41@e76 | |
| 微型计算机在高等数学教学中的应用/余康元等编.-北京:北京师范大学出版社,1986 |
| 386页;19cm |
| ISBN :CNY1.85 |
| ● |
| 相关链接 |
|
|
|
|
正题名:微型计算机在高等数学教学中的应用
索取号:G642.41/76
 
预约/预借
| 序号 | 登录号 | 条形码 | 馆藏地/架位号 | 状态 | 备注 |
| 1 | 0206530 | 202245329 | 密集书库/ [索取号:G642.41/76] | 在馆 | |
| 2 | 0206531 | 001006510 | 密集书库/ [索取号:G642.41/76] | 在馆 | |
| 3 | 0206532 | 001006529 | 密集书库/ [索取号:G642.41/76] | 在馆 | |
| 4 | 0206533 | 001006501 | 密集书库/ [索取号:G642.41/76] | 在馆 | |
| 5 | 0206534 | 001006459 | 第一样本阅览室/ [索取号:G642.41/76] | 在馆 |